Pays champion du monde de : Beach-Volley - Statistiques

Statistiques générales
  • Ce quiz a été pris 127 fois
  • Le résultat moyen est 6 sur 9
Statistiques - réponses
Médaille d'or Masculin Féminim Pays % Correct
13 7 6 Brésil
96%
5 1 4 Etats-Unis
94%
1 1 Argentine
77%
1 1 Russie
75%
1 1 Canada
72%
2 1 1 Allemagne
65%
1 1 Chine
64%
1 1 Pays-Bas
51%
1 1 Norvège
44%
Aucun quiz correspondant
Distribution des résultats
% des personnes avec chaque résultat
Percentile par nombre de réponses
Votre historique - résultats
Vous n’avez pas pris ce quiz